000 00633nab a2200193 4500
003 BR-BrBNA
005 20241219115152.0
008 241219b bl.||||| |||| 00| 0 por d
040 _aBR-BrBNA
_bpor
072 _aN20 ; P10
100 _aPace, Leonardo
245 _aRotores de grande alcance como dispositivos de conservação de água?
500 _a6 illus.
650 _aEQUIPAMENTO DE IRRIGAÇÃO
650 _aCONSERVAÇÃO DE ÁGUA
773 0 _04820
_9344848
_dVotuporanga/SP IRRIGAZINE 2009
_o2024-5176
_tIrrigazine (Brazil)
_gv. 13(51) p. 30-32; (May 2017)
_wBR2024004223
942 _cANA
999 _c329362
_d329362